[Event "Arandjelovac ASK-8 IM"]
[Site "Arandjelovac"]
[Date "2022.03.08"]
[Round "3"]
[White "Vishal Choudary, B."]
[Black "Joshua, AP."]
[Result "0-1"]
[WhiteElo "2109"]
[BlackElo "2144"]
[PlyCount "61"]
[EventDate "2022.03.07"]
[EventType "tourn"]
[EventRounds "9"]
[EventCountry "SRB"]
[SourceTitle "CBM 207 Extra"]
[Source "ChessBase"]
[SourceDate "2022.05.31"]
[SourceVersion "1"]
[SourceVersionDate "2022.05.31"]
[SourceQuality "1"]

1. e4 c6 2. d4 d5 3. Nc3 dxe4 4. Nxe4 Nf6 5. Nxf6+ exf6 6. c3 Bd6 7. Bd3 0-0 8. Qc2 Re8+ 9. Ne2 h5 10. Be3 Be6 11. c4 Nd7 12. 0-0-0 Rc8 13. Bh7+ Kh8 14. Bf5 Nf8 15. Kb1 b5 16. c5 Bb8 17. Bxe6 Nxe6 18. h4 Nc7 19. g4 hxg4 20. Rhg1 Qd7 21. Nf4 f5 22. h5 Nd5 23. Nxd5 Qxd5 24. h6 g6 25. Bg5 Kh7 26. Rge1 f4 27. Be7 Qf5 28. Re4 f3 29. Rde1 g3 30. Bd6 Rxe4 31. Rxe4 0-1

[Event "Arandjelovac ASK-8 IM"]
[Site "Arandjelovac"]
[Date "2022.03.07"]
[Round "1"]
[White "Vishal Choudary, B."]
[Black "Mahitosh, Dey"]
[Result "1-0"]
[WhiteElo "2109"]
[BlackElo "2180"]
[PlyCount "75"]
[EventDate "2022.03.07"]
[EventType "tourn"]
[EventRounds "9"]
[EventCountry "SRB"]
[SourceTitle "CBM 207 Extra"]
[Source "ChessBase"]
[SourceDate "2022.05.31"]
[SourceVersion "1"]
[SourceVersionDate "2022.05.31"]
[SourceQuality "1"]

1. e4 e5 2. Nf3 Nf6 3. Nxe5 d6 4. Nf3 Nxe4 5. Nc3 Nxc3 6. dxc3 Be7 7. Be3 Nc6 8. Qd2 Be6 9. 0-0-0 Qd7 10. Ng5 Bf5 11. h3 h6 12. Nf3 Bf6 13. Bb5 a6 14. Ba4 Bg6 15. Bd4 Bxd4 16. Nxd4 0-0 17. g4 b5 18. Nxc6 bxa4 19. Qd5 Rae8 20. Rhe1 Rxe1 21. Rxe1 Re8 22. Re5 Kh7 23. Kd2 Rxe5 24. Nxe5 Qb5 25. Qxb5 axb5 26. Nc6 f5 27. Nd4 fxg4 28. hxg4 Be8 29. f4 Bd7 30. f5 g6 31. b4 gxf5 32. gxf5 c5 33. Ne6 Bxe6 34. fxe6 Kg6 35. c4 Kf6 36. cxb5 Kxe6 37. bxc5 Kd5 38. c6 1-0

[Event "Krakow op-B 32nd"]
[Site "Krakow"]
[Date "2021.12.29"]
[Round "3"]
[White "Kindler, Przemyslaw"]
[Black "Vishal Choudary, B."]
[Result "1-0"]
[WhiteElo "2018"]
[BlackElo "1846"]
[PlyCount "59"]
[EventDate "2021.12.27"]
[EventType "swiss"]
[EventRounds "9"]
[EventCountry "POL"]
[SourceTitle "EXT 2023"]
[Source "ChessBase"]
[SourceDate "2022.10.05"]
[SourceVersion "1"]
[SourceVersionDate "2022.10.05"]
[SourceQuality "1"]

1. e4 c5 2. c4 e6 3. Nc3 Ne7 4. g3 d5 5. exd5 exd5 6. cxd5 Nxd5 7. Bg2 Nb4 8. Nge2 Nd3+ 9. Kf1 Be7 10. Qa4+ Nc6 11. Nd5 0-0 12. Qe4 Nxc1 13. Nxe7+ Nxe7 14. Rxc1 Qxd2 15. h3 Be6 16. Qxb7 Bc4 17. Re1 Nd5 18. b3 Rab8 19. Qxa7 Bd3 20. Qxc5 Rb5 21. Qa7 Re8 22. Bf3 Nc3 23. Kg2 Nxe2 24. Rd1 Qc2 25. Qd7 Rbe5 26. Qxd3 Qc5 27. Rd2 Nc1 28. Qb1 Ne2 29. Qd3 Nc1 30. Qf1 1-0

[Event "Paracin Orbis FM"]
[Site "Paracin"]
[Date "2021.02.09"]
[Round "7"]
[White "Vetokhina, Sofia"]
[Black "Vishal Choudary, B."]
[Result "1/2-1/2"]
[WhiteElo "1839"]
[BlackElo "1743"]
[PlyCount "52"]
[EventDate "2021.02.05"]
[EventType "tourn"]
[EventRounds "9"]
[EventCountry "SRB"]
[SourceTitle "EXT 2022"]
[Source "ChessBase"]
[SourceDate "2021.10.06"]
[SourceVersion "1"]
[SourceVersionDate "2021.10.06"]
[SourceQuality "1"]

1. d4 f5 2. c4 Nf6 3. g3 g6 4. Bg2 Bg7 5. Nc3 0-0 6. Nf3 d6 7. 0-0 c6 8. d5 e5 9. Rb1 a5 10. Nd2 e4 11. Nb3 c5 12. Nb5 a4 13. Na1 Ne8 14. Nc2 Bd7 15. Nca3 Bxb5 16. Nxb5 Nc7 17. Nxc7 Qxc7 18. b3 a3 19. f3 exf3 20. exf3 Nd7 21. Qc2 Ne5 22. Bf4 b5 23. Bxe5 Bxe5 24. f4 Bd4+ 25. Kh1 b4 26. Rfe1 Bc3 1/2-1/2

[Event "Paracin Orbis FM"]
[Site "Paracin"]
[Date "2021.02.09"]
[Round "6"]
[White "Vishal Choudary, B."]
[Black "Arandjelovic, Aleksandar Z"]
[Result "1/2-1/2"]
[WhiteElo "1743"]
[BlackElo "1907"]
[PlyCount "84"]
[EventDate "2021.02.05"]
[EventType "tourn"]
[EventRounds "9"]
[EventCountry "SRB"]
[SourceTitle "EXT 2022"]
[Source "ChessBase"]
[SourceDate "2021.10.06"]
[SourceVersion "1"]
[SourceVersionDate "2021.10.06"]
[SourceQuality "1"]

1. e4 c5 2. Nf3 Nc6 3. d4 cxd4 4. Nxd4 Nf6 5. Nc3 e5 6. Ndb5 d6 7. Nd5 Nxd5 8. exd5 Ne7 9. c4 Nf5 10. Bd3 Be7 11. 0-0 0-0 12. f4 g6 13. fxe5 dxe5 14. Kh1 a6 15. Nc3 Nd4 16. Qe1 Bf6 17. Bh6 Bh8 18. c5 Bd7 19. Qf2 Rc8 20. Ne4 Nf5 21. Bxf8 Qxf8 22. Bc4 h5 23. d6 Qh6 24. Ng3 h4 25. Nxf5 gxf5 26. Bd5 Rb8 27. Qc2 e4 28. Qb3 e3 29. c6 h3 30. gxh3 Be5 31. Bxf7+ Kf8 32. cxd7 Qxh3 33. Qc2 Kxf7 34. Qxf5+ Qxf5 35. Rxf5+ Ke6 36. Rf3 Bd4 37. Rd1 Bb6 38. Re1 Kxd7 39. Rfxe3 Bxe3 40. Rxe3 Kxd6 41. h3 Kd5 42. Kh2 Kd4 1/2-1/2

[Event "Dubai HOC blitz op"]
[Site "Dubai"]
[Date "2019.08.11"]
[Round "1"]
[White "Vishal Choudary, B."]
[Black "Idani, Pouya"]
[Result "0-1"]
[WhiteElo "1518"]
[BlackElo "2545"]
[PlyCount "82"]
[EventDate "2019.08.11"]
[EventType "swiss (blitz)"]
[EventRounds "9"]
[EventCountry "UAE"]
[SourceTitle "EXT 2020"]
[Source "ChessBase"]
[SourceDate "2019.10.17"]
[SourceVersion "1"]
[SourceVersionDate "2019.10.17"]
[SourceQuality "1"]

1. e4 c5 2. Nf3 d6 3. d4 cxd4 4. Nxd4 Nf6 5. Nc3 a6 6. Bg5 Nbd7 7. f4 Qc7 8. Qf3 b5 9. a3 Bb7 10. Bd3 h6 11. Bh4 g5 12. fxg5 hxg5 13. Bxg5 Qc5 14. Nb3 Qxg5 15. 0-0 e6 16. Qe2 Qh5 17. Qxh5 Rxh5 18. Be2 Rh7 19. Bf3 Ne5 20. Rae1 Be7 21. Nd2 Bd8 22. Kh1 Bb6 23. Be2 Ke7 24. Nf3 Neg4 25. h3 Ne3 26. Rg1 Nxc2 27. Rc1 Bxg1 28. Kxg1 Ne3 29. a4 b4 30. Na2 Bxe4 31. Nxb4 a5 32. Nc6+ Bxc6 33. Rxc6 Nfd5 34. Bc4 Rg8 35. g4 Rxh3 36. Kf2 Nxg4+ 37. Kg2 Nf4+ 38. Kg1 Rxf3 39. Rc7+ Kf6 40. Ra7 Ne3+ 41. Kh1 Rh3# 0-1